| 000 | 01921cam a22005774i 4500 | ||
|---|---|---|---|
| 003 | PE-LiUPU | ||
| 005 | 20250731180117.0 | ||
| 008 | 190918s2011 sp a rb 000 0 spa d | ||
| 020 | _a8416045828 | ||
| 020 | _a9788416045822 | ||
| 035 | _a(Sirsi) a252541 | ||
| 040 |
_aPE-LiUPU _bspa _cPE-LiUPU _erda |
||
| 041 | 1 |
_aspa _heng |
|
| 049 | _aPRUA | ||
| 082 | 0 | 4 |
_a573.6 _bS79 _220 |
| 100 | 1 |
_aStewart, Arthur, _eautor. |
|
| 245 | 1 | 0 |
_aProtocolo internacional para la valoración antropométrica / _cArthur Stewart [y otros tres] ; Responsable de traducción: Francisco Esparza-Ros. |
| 264 | 1 |
_aMurcia : _bPublicado por Sociedad Internacional para el Avance de la Cineantropometría, _c2019. |
|
| 300 |
_a119 páginas : _bilustraciones ; _c21 centímetros |
||
| 336 |
_atext _2rdacontent |
||
| 337 |
_aunmediated _2rdamedia |
||
| 338 |
_avolume _2rdacarrier |
||
| 504 | _aBibliografía: páginas 117-119. | ||
| 526 | _aSEG44 | ||
| 526 | _aSEG26 | ||
| 526 | _aP159 | ||
| 526 | _aP155 | ||
| 526 | _aP154 | ||
| 526 | _aP153 | ||
| 526 | _aP150 | ||
| 526 | _aP100 | ||
| 526 | _aP31 | ||
| 526 | _aP30 | ||
| 526 | _aP26 | ||
| 526 | _aP25 | ||
| 526 | _aP24 | ||
| 526 | _aP22 | ||
| 526 | _aP15 | ||
| 526 | _aP10 | ||
| 534 |
_pTítulo Original : _tInternational standards for anthropometric assesment (2011). |
||
| 650 | 0 | 4 | _aAntropometría. |
| 650 | 0 | 4 | _aMedición. |
| 710 | 2 | _aSociedad Internacional para el Avance de la Cineantropometría | |
| 710 | 2 | _aUniversidad Católica de Murcia | |
| 910 |
_abgr _bjpc _cjpc _d20190918 |
||
| 942 |
_2ddc _cBOOK |
||
| 994 |
_aC0 _bPEPRU |
||
| 596 | _a1 | ||
| 999 |
_a573.6 S79 _wDEWEY _c31767 _i80462 _f2021-11-3 _g3 _lCCODEBUL1 _mBUL _p40.00 _r0 _sY _tBOOK _u2019-9-18 _xSALUD _zP31 _0DONACION _o.STAFF. Colección Ciencias de la Salud _d31767 |
||
| 980 |
_81 _gALBERTO SANCHEZ Responsable de Automatización |
||